| 000 | 00526nam a22001697a 4500 | ||
|---|---|---|---|
| 005 | 20251108163351.0 | ||
| 008 | 250721s1983 xx 000 0 ara d | ||
| 082 | 1 | 4 | _a181.4/علي |
| 100 | 1 | _aزيعور، علي | |
| 245 | 1 | 0 |
_aالفلسفات الهندية : _bقطاعاتها الهندوكية والإسلامية والأصلاحية / |
| 250 | _aط2. | ||
| 264 | 1 |
_aبيروت : _bدار الأندلس، _c1983. |
|
| 300 | _a431ص | ||
| 650 | 1 | 7 | _aالفلسفة الهندية |
| 942 |
_2ddc _cBK |
||
| 999 |
_c894 _d894 |
||